000 01117nam a2200265Ia 4500
003 OSt
005 20220923211612.0
006 a|||||r|||| 00| 0
007 ta
008 220922b |||||||| |||| 00| 0 hin d
020 _a9878186111352 (hbk)
_c2000
024 _a242,818
037 _b209, 03/09/2010, Vidyanidhi Prakashan
_cTextual
040 _aARTS
_cARTS
_bhin
041 _2hin
_ahin
082 _aO151:g(Y:1), 152Q0
100 _aमुखर्जी, शुक्ला, संपा.
245 0 _aप्राकृत साहित्य और भारतीय परम्पराएॅं
246 _aPrākṛut sāhitya aur bhāratīya paramparāeॅan
260 _aनई दिल्ली
_b न्यू भारतीय बुक कॉरपोरेशन
_c2010
300 _a445पृ.
_ccm.
490 _aप्राकृत अध्ययन ग्रन्थमाला; 1
942 _hO151:g(Y:1), 152Q0
_cTEXL
_2CC
999 _c301300
_d301300